Environmental engineering (Record no. 5357)

000 -LEADER
fixed length control field 00678nam a2200241 4500
001 - CONTROL NUMBER
control field 5357
003 - CONTROL NUMBER IDENTIFIER
control field BD-DhUET
008 - FIXED-LENGTH DATA ELEMENTS--GENERAL INFORMATION
fixed length control field 141126b xxu||||| |||| 00| 0 eng d
020 ## - INTERNATIONAL STANDARD BOOK NUMBER
International Standard Book Number 0071002316
040 ## - CATALOGING SOURCE
Transcribing agency 0
Modifying agency BD-DhUET
082 ## - DEWEY DECIMAL CLASSIFICATION NUMBER
Classification number 628
Item number PEA/1985
100 ## - MAIN ENTRY--PERSONAL NAME
Personal name Peavy, Howard S
245 ## - TITLE STATEMENT
Title Environmental engineering
250 ## - EDITION STATEMENT
Edition statement 1st ed.
260 ## - PUBLICATION, DISTRIBUTION, ETC. (IMPRINT)
Place of publication, distribution, etc. New york
Name of publisher, distributor, etc. McGraw-Hill
Date of publication, distribution, etc. 1985
300 ## - PHYSICAL DESCRIPTION
Extent xiv,699 p.+various paging
Other physical details ill.
490 ## - SERIES STATEMENT
Series statement McGraw-Hill series in water resources and environmental engineering
504 ## - BIBLIOGRAPHY, ETC. NOTE
Bibliography, etc Includes bibliographies
650 #0 - SUBJECT ADDED ENTRY--TOPICAL TERM
Topical term or geographic name as entry element Environmental engineering
700 ## - ADDED ENTRY--PERSONAL NAME
Personal name Rowe, Donald R.
700 ## - ADDED ENTRY--PERSONAL NAME
Personal name Tchobanoglous, George
942 ## - ADDED ENTRY ELEMENTS (KOHA)
Koha item type General Book
Holdings
Koha renewals Price effective from Shelving location Koha item type Lost status Koha date last seen Koha normalized classification for sorting Piece designation (barcode) Koha full call number Damaged status Koha date last borrowed Not for loan Source of classification or shelving scheme Sublocation or collection (holding branch) Koha issues (times borrowed) Withdrawn status Date acquired Location (home branch) Copy number
 2014-11-26Circulation sectionGeneral Book 2024-09-08628PEA198581896628/PEA/1985 2023-12-10  Central Library, BUET9 2014-11-26Central Library, BUET1
 2014-11-26Circulation sectionGeneral Book 2024-06-02628PEA198581895628/PEA/1985 2024-03-16  Central Library, BUET10 2014-11-26Central Library, BUET2
 2015-06-18Reading sectionReading Item 2015-06-18628_000000000000000_PEA_198588788628/PEA/1985    Central Library, BUET  2015-06-18Central Library, BUET3
 2015-06-18Reading sectionReading Item 2015-06-18628_000000000000000_PEA_198587579628/PEA/1985    Central Library, BUET  2015-06-18Central Library, BUET4
 2017-10-31Circulation sectionGeneral Book 2021-11-13628_000000000000000_PEA_198581894628/PEA/1985 2020-03-16  Central Library, BUET2 1991-10-28Central Library, BUET5
 2024-12-01Rental sectionRental Item 2024-12-01628_000000000000000_PEA_198581847628 PEA/1985    Central Library, BUET  1991-10-28Central Library, BUETক-৫১
 2024-12-01Rental sectionRental Item 2024-12-01628_000000000000000_PEA_198581874628 PEA/1985    Central Library, BUET  1991-10-28Central Library, BUETক-৭৮
 2024-12-01Rental sectionRental Item 2024-12-01628_000000000000000_PEA_198581875628 PEA/1985    Central Library, BUET  1991-10-28Central Library, BUETক-৭৯
 2024-12-01Rental sectionRental Item 2024-12-01628_000000000000000_PEA_198581876628 PEA/1985    Central Library, BUET  1991-10-28Central Library, BUETক-৮০
 2024-12-01Rental sectionRental Item 2024-12-01628_000000000000000_PEA_198581877628 PEA/1985    Central Library, BUET  1991-10-28Central Library, BUETক-৮১
 2024-12-01Rental sectionRental Item 2024-12-01628_000000000000000_PEA_198581878628 PEA/1985    Central Library, BUET  1991-10-28Central Library, BUETক-৮২
 2024-12-01Rental sectionRental Item 2024-12-01628_000000000000000_PEA_198581879628 PEA/1985    Central Library, BUET  1991-10-28Central Library, BUETক-৮৩
 2024-12-01Rental sectionRental Item 2024-12-01628_000000000000000_PEA_198581880628 PEA/1985    Central Library, BUET  1991-10-28Central Library, BUETক-৮৪
 2024-12-01Rental sectionRental Item 2024-12-01628_000000000000000_PEA_198581881628 PEA/1985    Central Library, BUET  1991-10-28Central Library, BUETক-৮৫
 2024-12-01Rental sectionRental Item 2024-12-01628_000000000000000_PEA_198581882628 PEA/1985    Central Library, BUET  1991-10-28Central Library, BUETক-৮৬
 2024-12-01Rental sectionRental Item 2024-12-01628_000000000000000_PEA_198581883628 PEA/1985    Central Library, BUET  1991-10-28Central Library, BUETক-৮৭
 2024-12-01Rental sectionRental Item 2024-12-01628_000000000000000_PEA_198581884628 PEA/1985    Central Library, BUET  1991-10-28Central Library, BUETক-৮৭